000
00477nam a2200145Ia 4500
008
090124s9999 xx 000 0 und d
082
_b
304930
245
_a
" काही वाटा, किती वळणं"
250
_a
1
260
_b
राजाध्यक्ष विजया
_c
2004
300
_a
248
630
_a
" काही वाटा, किती वळणं"
730
_a
" काही वाटा, किती वळणं"
942
_c
BOOK
999
_c
194859
_d
194859